Historia V : (Registro nro. 191)
[ vista simple ]
| 000 -CABECERA | |
|---|---|
| fixed length control field | 00678nam a22002177a 4500 |
| 003 - CONTROL NUMBER IDENTIFIER | |
| control field | AR-BeUNQ |
| 005 - FECHA Y HORA DE LA ULTIMA TRANSACCION | |
| control field | 20220225124546.0 |
| 008 - ELEMENTOS DE LONGITUD FIJA-INFORMACION GENERAL | |
| fixed length control field | 180926b xxu||||| |||| 00| 0 spa d |
| 020 ## - NUMERO INTERNACIONAL NORMALIZADO PARA LIBROS | |
| Número Internacional Normalizado del libro | 9789879493687 |
| 040 ## - FUENTE DE CATALOGACION | |
| Agencia de catalogación original | AR-BeUNQ |
| Idioma de catalogación | ESPAÑOL |
| Convenciones de la descripción | aacr |
| 082 09 - NUMERO DE CLASIFICACION DECIMAL DEWEYMBER | |
| Número de clasificación | 909 |
| Número de la edición | 21 |
| 100 01 - ASIENTO PRINCIPAL-NOMBRE PERSONAL | |
| Nombre personal | Gallego, Marisa |
| Término relacionador | autor |
| 245 ## - MENCION DE TITULO | |
| Título | Historia V : |
| Otra información sobre el título | Argentina, América y el mundo en la segunda mitad del siglo XX,5°año secundaria |
| Mención de responsabilidad, etc | Marisa Gallego. Teresa Eggers Brass |
| 250 ## - MENCION DE EDICION | |
| Mención de edición | 1a. ed. |
| 260 ## - PUBLICACION, DISTRIBUCION, ETC. | |
| Lugar de publicación, distribución, etc. | Ituzaingó : |
| Nombre del editor, distribuidor, etc. | Maipue, |
| Fecha de publicación, distribución, etc | 2011. |
| 300 ## - DESCRIPCION FISICA | |
| Extensión | 280 p. ; |
| Otros detalles físicos | Il. ; |
| Dimensiones | 27 cm |
| 504 ## - NOTA DE BIBLIOGRAFIA, ETC. | |
| Nota de bibliografía, etc. | por orden alfabético. |
| 600 02 - ASIENTO SECUNDARIO DE MATERIA - NOMBRE PERSONAL | |
| Nombre personal | Eggers-Brass, Teresa |
| Títulos y otras palabras asociadas con el nombre | coaut |
| 929 ## - DATOS DE ADQUISICION | |
| Procedencia | DONACION |
| 942 ## - ELEMENTOS DE PUNTO DE ACCESO ADICIONAL (KOHA) | |
| Tipo de ítem Koha | Libros |
| Suppress in OPAC | 0 |
| Estado de retiro | Estado de pérdida | Ubicación permanente | Ubicación actual | Ubicación en estantería | Fecha de ingreso | Total Checkouts | Signatura topográfica completa | Inventario | Date last seen | Número de copia | Tipo de ítem Koha | Operador |
|---|---|---|---|---|---|---|---|---|---|---|---|---|
| Biblioteca ESET - UNQ | Biblioteca ESET - UNQ | CIRCULACION | 26/09/2018 | 909 | 57382 | 26/09/2018 | 6 | Libros | Gladys Alarcon | |||
| Biblioteca ESET - UNQ | Biblioteca ESET - UNQ | CIRCULACION | 26/09/2018 | 909 | 57383 | 26/09/2018 | 6 | Libros | Gladys Alarcon | |||
| Biblioteca ESET - UNQ | Biblioteca ESET - UNQ | CIRCULACION | 26/09/2018 | 909 | 57384 | 26/09/2018 | 6 | Libros | Gladys Alarcon | |||
| Biblioteca ESET - UNQ | Biblioteca ESET - UNQ | CIRCULACION | 26/09/2018 | 909 | 57385 | 26/09/2018 | 6 | Libros | Gladys Alarcon | |||
| Biblioteca ESET - UNQ | Biblioteca ESET - UNQ | CIRCULACION | 26/09/2018 | 909 | 57386 | 26/09/2018 | 6 | Libros | Gladys Alarcon | |||
| Biblioteca ESET - UNQ | Biblioteca ESET - UNQ | CIRCULACION | 26/09/2018 | 909 | 57387 | 26/09/2018 | 6 | Libros | Gladys Alarcon | |||
| Biblioteca ESET - UNQ | Biblioteca ESET - UNQ | CIRCULACION | 26/09/2018 | 909 | 57388 | 26/09/2018 | 6 | Libros | Gladys Alarcon | |||
| Biblioteca ESET - UNQ | Biblioteca ESET - UNQ | CIRCULACION | 26/09/2018 | 909 | 57389 | 26/09/2018 | 6 | Libros | Gladys Alarcon | |||
| Biblioteca ESET - UNQ | Biblioteca ESET - UNQ | CIRCULACION | 26/09/2018 | 909 | 57390 | 26/09/2018 | 6 | Libros | Gladys Alarcon | |||
| Biblioteca ESET - UNQ | Biblioteca ESET - UNQ | CIRCULACION | 26/09/2018 | 909 | 57391 | 26/09/2018 | 6 | Libros | Gladys Alarcon |